000 02976nam a22002894i 4500
999 _c64280
_d64280
001 768714001
003 CO-MdFUSB
005 20180412122514.0
008 180406t2011 ck ||||g |||| 00| 0 spa d
020 _a9789584841300
040 _aCO-MdFUSB
_bspa
_cCO-MdFUSB
_dCO-MdFUSB
_erda
041 _aspa
082 _224
_aG 261.835766
_bA113v
100 _aAardweg, G. van den
_eautor
245 0 3 _aLa verdad sobre la homosexualidad y su oscura propaganda político-social
_b
_c/ G. Van den Aardweg
264 1 _aBogotá, Colombia :
_bLeer,
_c℗[2011]
264 4 _c©2011
300 _a95 páginas
_b:
_c22 cm.
336 _2rdacontent
_atexto
_btxt
337 _2rdamedia
_asin mediación
_bn
338 _2rdacarrier
_avolumen
_bnc
504 _aBibliografía (p. 93- 95)
505 0 _aPrecisando los términos -- Sexo biológico e identidad sexual -- ¿Dónde se coloca la homosexualidad? -- Homosexualidad y virilidad -- Síntoma, herida y heterosexualidad latente -- El informe Kinsey -- Hipótesis y conclusiones -- Promiscuidad y fragilidad -- ¿Qué identidad? -- Identidad genética -- Identidad anatómica -- Identidad endocrinológica -- El "ya pero todavía no" -- ¿En la antigüedad clásica? -- 1789, 1848, 1968 -- 1989: otro gran momento crucial -- La primera ola: el feminismo liberal -- La segunda ola: el feminismo radical -- Una nueva gnosis -- La primera asociación europea -- Libertinaje y guetos -- Año de nacimiento -- El F.U.O.R.I. -- El segundo 1989 -- Significado del término -- Una táctica intimidadora -- La homofobia social interiorizada -- Las personas...."¿nacen así?" -- Simon Le Vay: el "cerebro gay" -- Bailey & Pillard: el estudio de los gemelos -- Dean Hamer: el marcador genético xq28 -- Palomas, gansos y lobos -- Macacos, Babuinos y Bonobos -- Un dato fundamental -- Los factores biológicos -- Los factores educativos y culturales -- ¿Que es el DSM? -- Historia de la supresión de la homosexualidad del DSM -- La homosexualidad y la psicología clínica -- ¿Es posible el cambio? -- Los resultados de la terapia reparativa -- Terrorismo psicológico contra la terapia reparativa -- Ninguna imposición -- El salir del armario que expresa un malestar -- El salir del armario de que quiere escandalizar -- De salir del armario a la confesión -- De la crisis a la estrategia -- Tres tácticas clave -- De la táctica a los consejos prácticos -- La infección del sida -- Drogas y enfermedades de transmisión sexual -- Dime con quién andas... -- Estupor divino -- La herida del pecado -- La última palabra -- Génesis 19, 1-25 y Levítico 18:22; 20:13 -- Romanos 1:26-27 -- 1 Corintios 6:9-11 -- 1 Timoteo 1:9-10 -- Una nueva exégesis -- Citas imprecisas del catecismo -- Las intervenciones en las escuelas -- La homosexualidad según el magisterio; elementos para estar vigilantes -- Las indicaciones pastorales.
650 0 _9946
_aProblemas sociales
650 0 _91177
_aIglesia y problemas sociales
942 _cBK